00543nam a22001572 4500001001100000005001700011008004100028020002700069040001500096245006400111260005300175300001600228650005900244650004700303700003500350000000711120151217152022.0071117s xx 000 0 eng d a1403900456 :cKES 2475 aKABUcKABU10aKey issues in development /cDamien Kingsbury ... [et al.]. aBasingstoke,England :bPlgrave Macmillan,c2004. avi, 329 p. 0aDeveloping countriesbEconomic conditions.@0000158163 0aPovertyzDeveloping countries.@00001500801 aKingsbury, Damien.@0000158164